<?xml version="1.0" encoding="UTF-8"?>
<record
    xmlns:xsi="http://www.w3.org/2001/XMLSchema-instance"
    xsi:schemaLocation="http://www.loc.gov/MARC21/slim http://www.loc.gov/standards/marcxml/schema/MARC21slim.xsd"
    xmlns="http://www.loc.gov/MARC21/slim">

  <leader>     nam a22        4500</leader>
  <datafield tag="999" ind1=" " ind2=" ">
    <subfield code="c">87512</subfield>
    <subfield code="d">87304</subfield>
  </datafield>
  <controlfield tag="005">20230814094157.0</controlfield>
  <controlfield tag="008">230814b        xxu||||| |||| 00| 0 eng d0</controlfield>
  <datafield tag="020" ind1=" " ind2=" ">
    <subfield code="a">\a 9789386355812</subfield>
  </datafield>
  <datafield tag="040" ind1=" " ind2=" ">
    <subfield code="a">\a NG-ZaABU</subfield>
    <subfield code="c">\c NG-ZaABU</subfield>
    <subfield code="d">\d NG-ZaABU</subfield>
  </datafield>
  <datafield tag="050" ind1=" " ind2=" ">
    <subfield code="a">\a HG 1708.7 Pat</subfield>
    <subfield code="b">\b 512981</subfield>
  </datafield>
  <datafield tag="100" ind1=" " ind2=" ">
    <subfield code="9">7278</subfield>
    <subfield code="a">a Pathak, Nilesh</subfield>
  </datafield>
  <datafield tag="245" ind1=" " ind2=" ">
    <subfield code="a">\a The Changing Era of e-banking</subfield>
    <subfield code="c">\c Nilesh Pathak</subfield>
    <subfield code="h">\h [Text]</subfield>
  </datafield>
  <datafield tag="260" ind1=" " ind2=" ">
    <subfield code="a">\a New Delhi:</subfield>
    <subfield code="b">\b Random Publications,</subfield>
    <subfield code="c">\c 2018.</subfield>
  </datafield>
  <datafield tag="300" ind1=" " ind2=" ">
    <subfield code="a">\a vi,273p.:</subfield>
    <subfield code="b">\b ill.</subfield>
  </datafield>
  <datafield tag="500" ind1=" " ind2=" ">
    <subfield code="a">\a Includes index</subfield>
  </datafield>
  <datafield tag="504" ind1=" " ind2=" ">
    <subfield code="a">\a Includes bibliographical references</subfield>
  </datafield>
  <datafield tag="852" ind1=" " ind2=" ">
    <subfield code="a">\a K.I.L.</subfield>
    <subfield code="c">\c Book Reserve Unit</subfield>
    <subfield code="p">\p 512981</subfield>
  </datafield>
  <datafield tag="942" ind1=" " ind2=" ">
    <subfield code="2">lcc</subfield>
    <subfield code="c">BK</subfield>
    <subfield code="h">\h 1708.7 </subfield>
    <subfield code="k">\k HG</subfield>
    <subfield code="m">\m Pat</subfield>
  </datafield>
  <datafield tag="952" ind1=" " ind2=" ">
    <subfield code="0">0</subfield>
    <subfield code="1">0</subfield>
    <subfield code="2">lcc</subfield>
    <subfield code="4">0</subfield>
    <subfield code="7">0</subfield>
    <subfield code="a">KIL</subfield>
    <subfield code="b">KIL</subfield>
    <subfield code="c">RES</subfield>
    <subfield code="d">2023-08-14</subfield>
    <subfield code="l">0</subfield>
    <subfield code="o">\o  HG 1708.7 Pat</subfield>
    <subfield code="p">\p 30005103021914</subfield>
    <subfield code="r">2023-08-14 00:00:00</subfield>
    <subfield code="t">\t 512981</subfield>
    <subfield code="w">2023-08-14</subfield>
    <subfield code="y">BK</subfield>
  </datafield>
</record>
